Wheel of Time Aes Sedai by Ajah Tile Select #2 - Statistics

General Stats
  • This quiz has been taken 12 times
  • The average score is 43 of 63
Answer Stats
Question Tile Select % Correct
Green Ajah Aes Sedai Aisha Raveneos No
100%
Yellow Ajah Aes Sedai Careane Fransi No
88%
Green Ajah Aes Sedai Cariandre Temalien No
88%
White Ajah Aes Sedai Chesmal Emry No
88%
Brown Ajah Aes Sedai Chisaine Nurbaya No
88%
Brown Ajah Aes Sedai Ester Stepashin No
88%
Yellow Ajah Aes Sedai Felaana Bevaine No
88%
Yellow Ajah Aes Sedai Ferane Neheran No
88%
Blue Ajah Aes Sedai Gitara Moroso Yes
88%
White Ajah Aes Sedai Innina Darenhold No
88%
Brown Ajah Aes Sedai Janya Frende Yes
88%
Blue Ajah Aes Sedai Kiruna Nachiman No
88%
White Ajah Aes Sedai Mirlene Cornwell No
88%
Blue Ajah Aes Sedai Nisain a'Cowel No
88%
Blue Ajah Aes Sedai Nubei Peldovni No
88%
Green Ajah Aes Sedai Sedore Dajenna No
88%
Yellow Ajah Aes Sedai Serancha Colvine No
88%
Green Ajah Aes Sedai Tamra Ospenya No
88%
Brown Ajah Aes Sedai Tsutama Rath No
88%
Green Ajah Aes Sedai Vandene Namelle Yes
88%
Gray Ajah Aes Sedai Arebis No
75%
Yellow Ajah Aes Sedai Marthera No
75%
Brown Ajah Aes Sedai Meidani Eschede No
75%
Yellow Ajah Aes Sedai Nisao Dachen Yes
75%
Yellow Ajah Aes Sedai Nynaeve al'Meara Yes
75%
Green Ajah Aes Sedai Rina Hafden Yes
75%
White Ajah Aes Sedai Sarene Nemdahl Yes
75%
Gray Ajah Aes Sedai Siuan Sanche No
75%
Blue Ajah Aes Sedai Therva Maresis No
75%
White Ajah Aes Sedai Berana Shemon Yes
63%
Red Ajah Aes Sedai Berisha Terakuni No
63%
Gray Ajah Aes Sedai Chai Rugan No
63%
Gray Ajah Aes Sedai Evanellein Lorn Yes
63%
Red Ajah Aes Sedai Jezrail Yes
63%
Blue Ajah Aes Sedai Kairen Stang Yes
63%
Gray Ajah Aes Sedai Kiyoshi Yes
63%
Green Ajah Aes Sedai Malind Nachenin Yes
63%
Brown Ajah Aes Sedai Marillin Gemalphin Yes
63%
Blue Ajah Aes Sedai Marith Jaen Yes
63%
Gray Ajah Aes Sedai Merilille Ceandevin Yes
63%
Blue Ajah Aes Sedai Natasia Yes
63%
Red Ajah Aes Sedai Niande Moorwyn No
63%
Red Ajah Aes Sedai Seonid Traighan No
63%
Yellow Ajah Aes Sedai Shemerin Yes
63%
Red Ajah Aes Sedai Suana Dragand No
63%
White Ajah Aes Sedai Velina Behar Yes
63%
Gray Ajah Aes Sedai Angharad Juerissen Yes
50%
Red Ajah Aes Sedai Cariandre Temalien Yes
50%
Brown Ajah Aes Sedai Cathal Devore Yes
50%
Red Ajah Aes Sedai Covarla Baldene Yes
50%
Gray Ajah Aes Sedai Elaiva Walfor Yes
50%
Gray Ajah Aes Sedai Jennet Cobb Yes
50%
Red Ajah Aes Sedai Larelle Tarsi No
50%
Yellow Ajah Aes Sedai Larissa Lyndel Yes
50%
Green Ajah Aes Sedai Lusonia Cole Yes
50%
Red Ajah Aes Sedai Melare Yes
50%
White Ajah Aes Sedai Norine Dovarna Yes
50%
Brown Ajah Aes Sedai Nyein Kalede Yes
50%
Blue Ajah Aes Sedai Reiko Kerevon Yes
50%
White Ajah Aes Sedai Turanna Norill Yes
50%
Green Ajah Aes Sedai Vasha Yes
50%
White Ajah Aes Sedai Ayako Norsoni Yes
38%
Brown Ajah Aes Sedai Shemari Yes
38%
No matching quizzes found
Score Distribution
Percent of People with Each Score
Percentile by Number Answered
Your Score History
You have not taken this quiz